000 00219nam a22000857a 4500
999 _c23741
_d23741
005 20250212123856.0
008 250212b ||||| |||| 00| 0 eng d
040 _csk
245 _aSlovenské školstvo v medzinárodnom kontexte